DAL Direct Flights - Statistics

General Stats
  • This quiz has been taken 4 times
  • The average score is 67 of 80
Answers on the Map
Answers color-coded by a green-red scale on the quiz's map according to % correct below.
 
Answer Stats
Answer % Correct
Albuquerque
100%
Atlanta
100%
Austin
100%
Baltimore/Washington D.C.
100%
Boise
100%
Boston
100%
Buffalo/Niagara Falls
100%
Burbank/Hollywood
100%
Chicago Midway
100%
Chicago O'Hare
100%
Colorado Springs
100%
Columbus
100%
Denver
100%
Charlotte
100%
Fort Lauderdale-Hollywood
100%
Houston
100%
Indianapolis
100%
Jacksonville
100%
Kansas City
100%
Las Vegas
100%
Little Rock
100%
Los Angeles
100%
Louisville
100%
Miami
100%
Milwaukee
100%
Minneapolis-St. Paul
100%
Nashville
100%
New Orleans
100%
New York City
100%
Norfolk
100%
Oakland
100%
Oklahoma City
100%
Omaha
100%
Orlando
100%
Philadelphia
100%
Phoenix
100%
Pittsburgh
100%
Portland
100%
Raleigh-Durham
100%
Reno-Tahoe
100%
Sacramento
100%
Salt Lake City
100%
San Antonio
100%
San Diego
100%
San Francisco
100%
San Jose
100%
Santa Ana
100%
Seattle-Tacoma
100%
St. Louis
100%
Tampa
100%
Tucson
100%
Washington D.C.
100%
Birmingham
75%
Charleston
75%
Destin-Fort Walton Beach
75%
El Paso
75%
Fresno
75%
Knoxville
75%
Long Beach
75%
Memphis
75%
Providence
75%
Savannah/Hilton Head
75%
Spokane
75%
Tulsa
75%
Bozeman
50%
Fort Myers
50%
Hartford
50%
Lubbock
50%
Ontario
50%
Palm Beach
50%
Palm Springs
50%
Panama City
50%
Sarasota-Bradenton
50%
Amarillo
25%
Harlingen
25%
Midland/Odessa
25%
Montrose
25%
Myrtle Beach
25%
Pensacola
25%
Yampa Valley
25%
No matching quizzes found
Score Distribution
Percent of People with Each Score
Percentile by Number Answered
Your Score History
You have not taken this quiz